Sociální a pedagogická komunikace ve škole

Saved in:
Bibliographic Details
Main Author: Mareš, Jiří
Other Authors: Křivohlavý, Jaro
Format: Book
Language:Czech
Published: Praha Stát. ped. nakl. 1990
Edition:1. vyd.
Series:Pedagogické a psychologické studie
Tags: Add Tag
No Tags, Be the first to tag this record!

MARC

LEADER 00000nam a2200000 4500
001 c036890
005 20221215120719.2
041 0 |a cze 
044 |a CZ 
245 1 0 |a Sociální a pedagogická komunikace ve škole  |c Jiří Mareš, Jaro Křivohlavý 
250 |a 1. vyd. 
264 1 |a Praha  |b Stát. ped. nakl.  |c 1990 
300 |a 161 s. 
490 1 |a Pedagogické a psychologické studie 
830 0 |a Pedagogické a psychologické studie 
100 1 |a Mareš, Jiří 
700 1 |a Křivohlavý, Jaro